000 00737nam a2200289 a 4500
003 AR-BaBNM
005 20251128204510.0
008 082120s2002 ||||||||||||||000 | spa||
020 _a84-7954-178-4
040 _cAR-BaBNM
100 1 _aCaba, Rubén
245 0 0 _aLos sagrados misterios de la literatura
260 _aMadrid
_bLibertarias
_bProdhufi
_c1993
300 _a158 p.
490 0 _aEnsayo
_vv. 70
650 4 _aLITERATURA
650 4 _aCOMPOSICION LITERARIA
650 4 _aPOESIA
650 4 _aINVESTIGACION LITERARIA
650 4 _aESTILO LITERARIO
650 4 _aPROCESO DE COMUNICACION
650 4 _aESCRITORES
653 _aVANGUARDIAS LITERARIAS
655 _aLITERATURA
942 _cBK
998 _cCarmen
999 _c7654
_d7654